| 000 | 01019nam a2200265 i 4500 | ||
|---|---|---|---|
| 001 | 185031 | ||
| 003 | SpMaBN | ||
| 005 | 20250720063102.0 | ||
| 008 | 160307s1985 mx d |||| | spa d | ||
| 020 | _a968-432-993-8 | ||
| 080 | _a82.08(038) | ||
| 080 | _a82-1.08(038) | ||
| 100 | 1 |
_aBeristáin, Helena, _d1927- _9158988 |
|
| 245 | 1 | 0 |
_aDiccionario de retórica y poética / _cHelena Beristáin. |
| 250 | _a1ª ed. | ||
| 260 |
_aMéxico, D.F. : _bPorrúa, _c1985. |
||
| 300 |
_a508 p. : _bgráf. ; _c21 cm. |
||
| 504 | _aBibliografía: p. 499-508. | ||
| 594 | _aEn anteport.: "Investigación realizada en el Instituto de Investigaciones Filológicas de la Universidad Nacional Autónoma de México" | ||
| 650 | 0 | 7 |
_aRetórica- _vDiccionarios. _916883 |
| 650 | 0 | 7 |
_aPoética- _vDiccionarios. _916255 |
| 710 | 2 |
_aUniversidad Nacional Autónoma de México. _bInstituto de Investigaciones Filológicas. _9158989 |
|
| 852 |
_aES-MaACL _jL-30252 _z. - Donat. Miguel A. Velasco |
||
| 999 |
_c185031 _d185031 |
||